000 00723nam a2200289Ia 4500
005 20260324120904.0
008 008 260324s9999 xx 000 0 eng d
020 _a9781315798370
037 _aEBOOK
040 _aCRL
040 _beng
040 _cCRL
041 _2eng
041 _aeng
084 _qCRL
100 _aAbbie J. Shipp; Yitzhak Fried
_91160360
245 0 _aTime and Work, Volume 2
245 0 _bHow time impacts groups, organizations and methodological choices
260 _bTaylor and Francis
260 _c2014
365 _a
365 _b220
856 _uhttp://www.taylorfrancis.com/books/9781315798370
942 _cEBOOK
999 _c1752132
_d1752132